[Event "SVK-chT2B 2122"]
[Site "Slovakia"]
[Date "2021.11.14"]
[Round "4.4"]
[White "Chovanec, Milan"]
[Black "Batora, Matej"]
[Result "0-1"]
[WhiteElo "2065"]
[BlackElo "2014"]
[PlyCount "44"]
[EventDate "2021.10.16"]
[EventType "team-tourn"]
[EventRounds "11"]
[EventCountry "SVK"]
[SourceTitle "EXT 2023"]
[Source "ChessBase"]
[SourceDate "2022.10.05"]
[SourceVersion "1"]
[SourceVersionDate "2022.10.05"]
[SourceQuality "1"]
[WhiteTeam "Povazske Podhradie"]
[BlackTeam "Tlmace"]
[WhiteTeamCountry "SVK"]
[BlackTeamCountry "SVK"]

1. e4 c5 2. Nf3 d6 3. d4 cxd4 4. Qxd4 Nc6 5. Qe3 Nf6 6. c4 g6 7. Nc3 Bg7 8. h3 0-0 9. Be2 Nb4 10. Qd2 e6 11. Nb5 Qa5 12. Nc3 d5 13. exd5 exd5 14. 0-0 dxc4 15. Bxc4 Bf5 16. g4 Rad8 17. Qg5 h6 18. Qh4 Bd3 19. Bxd3 Rxd3 20. Be3 Nc2 21. Ne1 g5 22. Qg3 Rxe3 0-1

[Event "SVK-chT2B 1819"]
[Site "Slovakia"]
[Date "2019.03.03"]
[Round "9.3"]
[White "Beres, Dominik"]
[Black "Chovanec, Milan"]
[Result "1/2-1/2"]
[WhiteElo "2002"]
[BlackElo "2076"]
[PlyCount "118"]
[EventDate "2018.10.13"]
[EventType "team-tourn"]
[EventRounds "11"]
[EventCountry "SVK"]
[SourceTitle "CBM 189 Extra"]
[Source "ChessBase"]
[SourceDate "2019.06.03"]
[SourceVersion "1"]
[SourceVersionDate "2019.06.03"]
[SourceQuality "1"]
[WhiteTeam "Tlmace"]
[BlackTeam "Povazska Bystrica"]
[WhiteTeamCountry "SVK"]
[BlackTeamCountry "SVK"]

1. e4 c6 2. d4 d5 3. Nd2 dxe4 4. Nxe4 Bf5 5. Ng3 Bg6 6. h4 h6 7. Nh3 Nf6 8. Bc4 e6 9. 0-0 Be7 10. Nf4 Bf5 11. Nxf5 exf5 12. Re1 0-0 13. Ng6 Re8 14. Ne5 Nd5 15. Qh5 Rf8 16. g3 Nd7 17. Qxf5 N7f6 18. c3 Qc8 19. Qf3 Qc7 20. Bb3 Rad8 21. c4 Nb6 22. Bf4 Qc8 23. Rad1 Rfe8 24. g4 Nbd7 25. Nxf7 Kxf7 26. g5 Kg8 27. gxf6 Nxf6 28. c5+ Kf8 29. Be6 Qa8 30. Bc7 Rc8 31. Be5 Bd8 32. Qf5 Rxe6 33. Qxe6 Be7 34. Bd6 Bxd6 35. Qxd6+ Kg8 36. Re7 Nd5 37. Qe6+ Kh8 38. Rf7 Rg8 39. Re1 Qd8 40. Qg4 Nf6 41. Qf4 Qa5 42. Re6 Qxa2 43. Qf5 Qxb2 44. Kh2 Qxd4 45. Rexf6 Qxh4+ 46. Qh3 Qxh3+ 47. Kxh3 gxf6 48. Rxb7 Rg5 49. Rxa7 Rxc5 50. f4 h5 51. Kh4 Kg8 52. Rc7 Kf8 53. f5 Rxf5 54. Rxc6 Kf7 55. Rc8 Rg5 56. Rh8 Kg6 57. Rg8+ Kf5 58. Ra8 Rg1 59. Ra5+ Kg6 1/2-1/2

[Event "SVK-chT2B 1718"]
[Site "Slovakia"]
[Date "2018.01.13"]
[Round "5.3"]
[White "Chovanec, Milan"]
[Black "Podoba, Milan"]
[Result "1/2-1/2"]
[WhiteElo "2106"]
[BlackElo "2039"]
[PlyCount "75"]
[EventDate "2017.10.28"]
[EventType "team-tourn"]
[EventRounds "11"]
[EventCountry "SVK"]
[SourceTitle "EXT 2019"]
[Source "ChessBase"]
[SourceDate "2018.10.10"]
[SourceVersion "1"]
[SourceVersionDate "2018.10.10"]
[SourceQuality "1"]
[WhiteTeam "Povazska Bystrica"]
[BlackTeam "Povazske Podhradie"]
[WhiteTeamCountry "SVK"]
[BlackTeamCountry "SVK"]

1. e4 e6 2. d4 d5 3. e5 c5 4. c3 Nc6 5. Nf3 Qb6 6. a3 f6 7. Bd3 fxe5 8. dxe5 Nge7 9. b4 Bd7 10. 0-0 g6 11. Bg5 Bg7 12. Be3 Nxe5 13. Bxc5 Qd8 14. Nxe5 Bxe5 15. Ra2 0-0 16. c4 b6 17. Bxe7 Qxe7 18. Nd2 Qh4 19. g3 Qf6 20. Be2 Bc6 21. Bf3 Rac8 22. Qe2 Bc3 23. Bg2 Bxd2 24. cxd5 Bxd5 25. Bxd5 exd5 26. Rxd2 Rc3 27. a4 Rc4 28. Rb1 Qf5 29. Rbb2 Rfc8 30. Kg2 Qe4+ 31. Qxe4 dxe4 32. Rd7 R8c7 33. Rxc7 Rxc7 34. Kh3 Rc4 35. a5 Kf7 36. axb6 axb6 37. b5 Rc5 38. Re2 1/2-1/2

[Event "SVK-chT1W 1617"]
[Site "Slovakia"]
[Date "2016.12.11"]
[Round "6.4"]
[White "Bango, Lukas"]
[Black "Chovanec, Milan"]
[Result "1/2-1/2"]
[WhiteElo "2093"]
[BlackElo "2107"]
[PlyCount "65"]
[EventDate "2016.10.15"]
[EventType "team-tourn"]
[EventRounds "11"]
[EventCountry "SVK"]
[SourceTitle "EXT 2018"]
[Source "ChessBase"]
[SourceDate "2017.10.13"]
[SourceVersion "1"]
[SourceVersionDate "2017.10.13"]
[SourceQuality "1"]
[WhiteTeam "Trnava Lokomotiva"]
[BlackTeam "Povazska Bystrica"]
[WhiteTeamCountry "SVK"]
[BlackTeamCountry "SVK"]

1. e4 e5 2. Nf3 Nc6 3. Bc4 Nf6 4. d3 Be7 5. 0-0 d6 6. c3 0-0 7. Re1 Be6 8. Nbd2 Qd7 9. Qc2 Rad8 10. b4 Nh5 11. Bb2 Nf4 12. g3 Nh3+ 13. Kg2 Ng5 14. Bxe6 Qxe6 15. Nxg5 Bxg5 16. Nf3 Bh6 17. Qb3 Qxb3 18. axb3 a6 19. Ba3 f5 20. exf5 Rxf5 21. g4 Rf4 22. Re4 Rdf8 23. Rxf4 Bxf4 24. Ra2 Re8 25. Re2 Kf7 26. c4 Re6 27. Re4 Rg6 28. h3 h5 29. Nh4 Rh6 30. Nf3 hxg4 31. hxg4 g5 32. Re1 Rh8 33. Re2 1/2-1/2

[Event "SVK-chT1W 1617"]
[Site "Slovakia"]
[Date "2016.10.15"]
[Round "1.5"]
[White "Macko, Miroslav"]
[Black "Chovanec, Milan"]
[Result "1/2-1/2"]
[WhiteElo "2151"]
[BlackElo "2107"]
[PlyCount "62"]
[EventDate "2016.10.15"]
[EventType "team-tourn"]
[EventRounds "11"]
[EventCountry "SVK"]
[SourceTitle "CBM 175 Extra"]
[Source "ChessBase"]
[SourceDate "2016.12.12"]
[SourceVersion "1"]
[SourceVersionDate "2016.12.12"]
[SourceQuality "1"]
[WhiteTeam "Bratislava KSN"]
[BlackTeam "Povazska Bystrica"]
[WhiteTeamCountry "SVK"]
[BlackTeamCountry "SVK"]

1. e4 e5 2. Nf3 Nc6 3. d4 exd4 4. Nxd4 Nf6 5. Nc3 Bb4 6. Nxc6 bxc6 7. Bd3 d5 8. exd5 cxd5 9. 0-0 0-0 10. Bg5 Be6 11. Qf3 Be7 12. Rfe1 Rb8 13. Nb5 c5 14. Bf4 Rb7 15. c4 Qd7 16. cxd5 Nxd5 17. Rad1 Rxb5 18. Bxb5 Qxb5 19. Rxd5 Bxd5 20. Qxd5 Qxb2 21. g3 Bf6 22. Be3 Bd4 23. Bxd4 Qxd4 24. Qxd4 cxd4 25. Re7 Rc8 26. Rxa7 g6 27. Kf1 Rc2 28. Ke1 d3 29. a4 Re2+ 30. Kf1 Re4 31. Rd7 Rxa4 1/2-1/2

[Event "SVK-chT1W 1516"]
[Site "Slovakia"]
[Date "2015.12.12"]
[Round "5.5"]
[White "Sukuba, Zdeno"]
[Black "Chovanec, Milan"]
[Result "1/2-1/2"]
[WhiteElo "2112"]
[BlackElo "2129"]
[PlyCount "27"]
[EventDate "2015.10.24"]
[EventType "team-tourn"]
[EventRounds "11"]
[EventCountry "SVK"]
[SourceTitle "CBM 170 Extra"]
[Source "ChessBase"]
[SourceDate "2016.02.25"]
[SourceVersion "1"]
[SourceVersionDate "2016.02.25"]
[SourceQuality "1"]
[WhiteTeam "Dubnica nad Vahom"]
[BlackTeam "Povazska Bystrica"]
[WhiteTeamCountry "SVK"]
[BlackTeamCountry "SVK"]

1. c4 Nf6 2. Nc3 d5 3. cxd5 Nxd5 4. g3 c5 5. Bg2 Nc7 6. Nf3 Nc6 7. 0-0 e5 8. d3 Be7 9. Nd2 0-0 10. Nc4 f6 11. f4 exf4 12. Bxf4 Be6 13. Ne3 Qd7 14. Bxc7 1/2-1/2

[Event "SVK-chT1W 1415"]
[Site "Slovakia"]
[Date "2015.01.11"]
[Round "6.1"]
[White "Chovanec, Milan"]
[Black "Pytlik, Pavol"]
[Result "1-0"]
[WhiteElo "2143"]
[BlackElo "2027"]
[PlyCount "81"]
[EventDate "2014.10.18"]
[EventType "team-tourn"]
[EventRounds "11"]
[EventCountry "SVK"]
[SourceTitle "EXT 2016"]
[Source "ChessBase"]
[SourceDate "2015.10.08"]
[SourceVersion "1"]
[SourceVersionDate "2015.10.08"]
[SourceQuality "1"]
[WhiteTeam "Povazska Bystrica SK Sparta"]
[BlackTeam "Trencin SK"]
[WhiteTeamCountry "SVK"]
[BlackTeamCountry "SVK"]

1. e4 e6 2. d4 d5 3. Nd2 dxe4 4. Nxe4 Nd7 5. Nf3 Ngf6 6. Nxf6+ Nxf6 7. Bd3 Be7 8. Qe2 0-0 9. Bg5 c5 10. dxc5 Qa5+ 11. c3 Qxc5 12. 0-0-0 Rd8 13. Bxf6 Bxf6 14. Bxh7+ Kxh7 15. Rxd8 Bxd8 16. Qd3+ g6 17. Qxd8 Qxf2 18. Qf6 Qe3+ 19. Nd2 Qh6 20. Qxf7+ Qg7 21. Rf1 Qxf7 22. Rxf7+ Kg8 23. Rc7 b6 24. Ne4 Ba6 25. c4 Rc8 26. Rxc8+ Bxc8 27. Kd2 Bb7 28. Ke3 e5 29. g3 Kg7 30. b4 Kh6 31. Nd6 Bg2 32. Nf7+ Kg7 33. Nxe5 Kf6 34. Kd4 Kf5 35. c5 g5 36. cxb6 axb6 37. Nc4 Kg4 38. Ne3+ Kh3 39. Nxg2 Kxg2 40. h4 g4 41. h5 1-0

[Event "SVK-chT1W 1314"]
[Site "Slovakia"]
[Date "2014.02.02"]
[Round "7.1"]
[White "Chovanec, Milan"]
[Black "Pagerka, Martin"]
[Result "0-1"]
[WhiteElo "2147"]
[BlackElo "2224"]
[PlyCount "72"]
[EventDate "2013.10.12"]
[EventType "team-tourn"]
[EventRounds "11"]
[EventCountry "SVK"]
[SourceTitle "EXT 2015"]
[Source "ChessBase"]
[SourceDate "2014.11.20"]
[SourceVersion "1"]
[SourceVersionDate "2014.11.20"]
[SourceQuality "1"]
[WhiteTeam "Povazska Bystrica"]
[BlackTeam "Osuske"]
[WhiteTeamCountry "SVK"]
[BlackTeamCountry "SVK"]

1. e4 c5 2. Ne2 d6 3. g3 h5 4. h3 h4 5. g4 Nc6 6. Bg2 e5 7. 0-0 Nf6 8. f4 exf4 9. Nxf4 Ne5 10. d4 cxd4 11. Qxd4 g6 12. Nc3 Bg7 13. Nb5 0-0 14. Qxd6 Bd7 15. Nc3 Nc4 16. Qb4 b5 17. Ncd5 Nxd5 18. Nxd5 a5 19. Qe7 Bd4+ 20. Kh1 Be6 21. Qxd8 Raxd8 22. c3 Be5 23. Bg5 Rd7 24. Bf6 Bxd5 25. Bxe5 Bc6 26. Bf6 Rd2 27. Rae1 Rxb2 28. g5 Nd6 29. Rf4 Nf5 30. Rg4 Re8 31. Rg1 Ng3+ 32. Kh2 Rxe4 33. Rxh4 Nf1+ 34. Rxf1 Rxh4 35. Kg3 Bxg2 36. Rd1 Rxh3+ 0-1

[Event "SVK-chT2B 1314"]
[Site "Slovakia"]
[Date "2014.01.11"]
[Round "5.5"]
[White "Chovanec, Milan"]
[Black "Srvatka, Igor"]
[Result "1/2-1/2"]
[WhiteElo "2147"]
[BlackElo "2190"]
[PlyCount "32"]
[EventDate "2013.10.19"]
[EventType "team-tourn"]
[EventRounds "11"]
[EventCountry "SVK"]
[SourceTitle "EXT 2015"]
[Source "ChessBase"]
[SourceDate "2014.11.20"]
[SourceVersion "1"]
[SourceVersionDate "2014.11.20"]
[SourceQuality "1"]
[WhiteTeam "Povazska Bystrica III"]
[BlackTeam "Trencin II"]
[WhiteTeamCountry "SVK"]
[BlackTeamCountry "SVK"]

1. e4 e6 2. Nc3 d5 3. Nf3 Nf6 4. e5 Nfd7 5. d4 c5 6. dxc5 Nc6 7. Bf4 Bxc5 8. Bd3 Qb6 9. 0-0 Be7 10. Qe2 Nc5 11. Rfe1 a6 12. Rab1 Nxd3 13. cxd3 Bd7 14. Bg5 Rc8 15. Bxe7 Nxe7 16. Qe3 Qxe3 1/2-1/2

[Event "SVK-chT1W 1112"]
[Site "Slovakia"]
[Date "2012.02.04"]
[Round "8.4"]
[White "Chovanec, Milan"]
[Black "Maslikova, Veronika"]
[Result "1/2-1/2"]
[WhiteElo "2137"]
[BlackElo "2209"]
[PlyCount "131"]
[EventDate "2011.10.15"]
[EventType "team-tourn"]
[EventRounds "11"]
[EventCountry "SVK"]
[SourceTitle "EXT 2013"]
[Source "ChessBase"]
[SourceDate "2012.11.22"]
[SourceVersion "1"]
[SourceVersionDate "2012.11.22"]
[SourceQuality "1"]
[WhiteTeam "Povazska Bystrica"]
[BlackTeam "Budmerice"]
[WhiteTeamCountry "SVK"]
[BlackTeamCountry "SVK"]

1. e4 c5 2. Nf3 d6 3. c3 Nf6 4. Bd3 Nc6 5. Bc2 Bd7 6. d3 Rc8 7. 0-0 e5 8. Re1 Be7 9. Nbd2 0-0 10. Nf1 b5 11. h3 a5 12. a4 b4 13. Ne3 Be6 14. Bb3 h6 15. g4 Nh7 16. Nf5 Bf6 17. Bc4 d5 18. Bb5 dxe4 19. dxe4 Bxf5 20. gxf5 Qe7 21. Qe2 Rfd8 22. Be3 Ng5 23. Nxg5 Bxg5 24. Rad1 Na7 25. Bc4 Rb8 26. Kh2 Bxe3 27. fxe3 Rxd1 28. Rxd1 bxc3 29. bxc3 Rb6 30. Rd5 Nc8 31. Bb5 Nd6 32. Rxc5 Nxe4 33. Rc8+ Kh7 34. Qd3 Nf6 35. Qd8 Qxd8 36. Rxd8 g6 37. fxg6+ Kxg6 38. c4 Ne4 39. Rd5 Kf6 40. c5 Rb8 41. c6 Rc8 42. Rd7 Nc3 43. Ra7 Nd5 44. e4 Nb4 45. Rxa5 Rc7 46. Ra8 Ke7 47. Rh8 Nxc6 48. Rxh6 Nd4 49. Rb6 Rc3 50. Rb7+ Kf8 51. Bd7 Nf3+ 52. Kg2 Nd2 53. Bf5 Rc4 54. Rb5 f6 55. a5 Ra4 56. Rb6 Nxe4 57. Bxe4 Rxe4 58. Rxf6+ Kg7 59. Rb6 Ra4 60. a6 Ra3 61. h4 Kh7 62. h5 Kg7 63. h6+ Kh7 64. Kf2 e4 65. Ke2 Kh8 66. Re6 1/2-1/2

[Event "SVK-chT1W 1112"]
[Site "Slovakia"]
[Date "2011.10.16"]
[Round "2.6"]
[White "Chovanec, Milan"]
[Black "Kolcak, Marek"]
[Result "1/2-1/2"]
[WhiteElo "2137"]
[BlackElo "2145"]
[PlyCount "81"]
[EventDate "2011.10.15"]
[EventType "team-tourn"]
[EventRounds "11"]
[EventCountry "SVK"]
[SourceTitle "EXT 2013"]
[Source "ChessBase"]
[SourceDate "2012.11.22"]
[SourceVersion "1"]
[SourceVersionDate "2012.11.22"]
[SourceQuality "1"]
[WhiteTeam "Povazska Bystrica"]
[BlackTeam "Bratislava Slovan II"]
[WhiteTeamCountry "SVK"]
[BlackTeamCountry "SVK"]

1. e4 e6 2. Nc3 d5 3. Nf3 Nf6 4. e5 Nfd7 5. d4 c5 6. dxc5 Nc6 7. Bf4 Nxc5 8. Be2 Be7 9. 0-0 0-0 10. Re1 b6 11. a3 a5 12. Nb5 Ba6 13. Nbd4 Nxd4 14. Nxd4 Bxe2 15. Qxe2 Bg5 16. Qg4 Bxf4 17. Qxf4 Rc8 18. Re3 Ne4 19. Rd1 Qd7 20. Qg4 Rfe8 21. c3 Rc7 22. Rde1 b5 23. Rh3 f5 24. exf6 Nxf6 25. Qf4 b4 26. axb4 axb4 27. Rhe3 bxc3 28. bxc3 Ne4 29. Qe5 Qf7 30. f3 Nxc3 31. Nxe6 Rc6 32. Qg3 h6 33. Nxg7 Rxe3 34. Nf5+ Kh7 35. Nxe3 Re6 36. Ng4 Ne2+ 37. Rxe2 Rxe2 38. h4 Rc2 39. Qe5 Rc6 40. Ne3 Qe6 41. Qxe6 1/2-1/2